| 000 | 00837nam a2200253 a 4500 | ||
|---|---|---|---|
| 001 | 000043827 | ||
| 005 | 20201002045006.0 | ||
| 008 | 140506s1993 sp 000 0 spa d | ||
| 020 | _a8420606529 | ||
| 040 |
_aDO-SdBNP _bspa _cBNPHU |
||
| 041 | 1 | 7 |
_aspa _heng |
| 082 |
_axxxx _bxxxx |
||
| 100 | 1 |
_aTácito, Cayo Cornelio _971680 |
|
| 240 | 1 | 0 |
_aAnnales _lEspañol |
| 245 | 1 | 0 |
_aAnales / _cCornelio Tácito ; prólogo y traducción de Crescente López de Juan. |
| 260 |
_aMadrid : _bAlianza, _c1993. |
||
| 300 |
_a607 p. ; _c18 cm. |
||
| 490 | 1 |
_aEl libro de bolsillo _v1652 |
|
| 500 | _aIncluye referencias bibliográficas y notas al pie de las páginas. | ||
| 504 | _aBibliografía : p. 32-36 | ||
| 590 | _aInventariado, 2019/BT | ||
| 700 | 1 | 2 |
_aLópez de Juan, Crescente _etr. _971681 |
| 830 | 0 |
_aEl libro de bolsillo _n1652 _971682 |
|
| 999 |
_c43316 _d43316 |
||